000 00915nam a2200229Ia 4500
001 12368
003 GE_BSU
008 181216s||||||||xx |||||||||||||| ||und||
020 _a9992846232
040 _cGE_BSU
080 _a340.1+321.01
100 _aლობჟანიძე,გივი.
245 _aსახელმწიფოსა და სამართლის ზოგადი თეორია.(პრობლემები).
245 _cრედ:გიორგი ნადარეიშვილი.
260 _aთბილისი.
260 _b[გ.გ.]
260 _c2003
300 _a631გვ;21სმ.
300 _bრეზიუმე რუს.და ინგლ.ენებზე.
653 _aსახელმწიფოსა და სამართლის ზოგადი თეორია.(პრობლემები).
942 _cBK
999 _c45543
_d45543